000 00658 a2200193 4500
999 _c9381
_d9381
020 _a070210972
050 _aKTL3573 SIL 1978
100 _aSilke, Aubrey S.
_eauthor
245 _aSilke on South African income tax :
_bbeing an exposition of the law, practice and incidence of income tax in South Africa /
_cAubrey S. Silke, Costa Divaris & Michael L. Stein
250 _a9th ed.
264 _aCape Town :
_bJuta & Co.
_c1978.
300 _a1528p. :
500 _aIncludes index
650 _aIncome tax
651 _aSouth Africa
700 _aDivaris, Costa
_eauthor
700 _aStein, M,ichael L.
_eauthor
942 _2lcc
_cBK
_e9th ed.
_h3573
_iSIL
_kKTL